Art of training plants (Record no. 23800)

MARC details
000 -LEADER
fixed length control field 00281nam a2200109Ia 4500
082 ## - DEWEY DECIMAL CLASSIFICATION NUMBER
Classification number 635
Item number BAL
100 ## - MAIN ENTRY--AUTHOR NAME
Personal name BALLARD, Ernesta Drinker
245 #0 - TITLE STATEMENT
Title Art of training plants
260 ## - PUBLICATION, DISTRIBUTION, ETC. (IMPRINT)
Place of publication New York
Name of publisher Barnes and Noble
Year of publication 1974
942 ## - ADDED ENTRY ELEMENTS (KOHA)
Koha item type Books
Holdings
Withdrawn status Lost status Damaged status Not for loan Home library Current library Date acquired Full call number Accession Number Koha item type
        RRII Library RRII Library 16/12/2021 635 BAL 04495 Books